<?xml version="1.0" encoding="UTF-8"?>
<record
    xmlns:xsi="http://www.w3.org/2001/XMLSchema-instance"
    xsi:schemaLocation="http://www.loc.gov/MARC21/slim http://www.loc.gov/standards/marcxml/schema/MARC21slim.xsd"
    xmlns="http://www.loc.gov/MARC21/slim">

  <leader>00915nam a2200277 ia4500</leader>
  <controlfield tag="005">20240711123356.0</controlfield>
  <controlfield tag="008">240711s2024    my a   b      000 1 may d</controlfield>
  <datafield tag="020" ind1=" " ind2=" ">
    <subfield code="a">9789672791065</subfield>
    <subfield code="c">RM28.00</subfield>
    <subfield code="q">paperback</subfield>
  </datafield>
  <datafield tag="040" ind1=" " ind2=" ">
    <subfield code="a">PPAK </subfield>
    <subfield code="b">eng</subfield>
    <subfield code="c">PPAK</subfield>
    <subfield code="e">rda</subfield>
  </datafield>
  <datafield tag="082" ind1="0" ind2="4">
    <subfield code="2">23</subfield>
    <subfield code="a">499.2386</subfield>
  </datafield>
  <datafield tag="090" ind1="0" ind2="0">
    <subfield code="a">499.2386</subfield>
    <subfield code="b">NUR</subfield>
    <subfield code="d">K </subfield>
  </datafield>
  <datafield tag="100" ind1="0" ind2=" ">
    <subfield code="a">Nurul Huda,</subfield>
    <subfield code="e">author. </subfield>
  </datafield>
  <datafield tag="245" ind1="1" ind2="0">
    <subfield code="a">Kembara Dua Ekor Tikus / </subfield>
    <subfield code="c">Olahan Semula: Nurul Huda</subfield>
  </datafield>
  <datafield tag="264" ind1=" " ind2="1">
    <subfield code="a">Mentakab, Pahang : </subfield>
    <subfield code="b">KK NG ENTERPRISE, </subfield>
    <subfield code="c">[2024?]</subfield>
  </datafield>
  <datafield tag="300" ind1=" " ind2=" ">
    <subfield code="a">46 pages : </subfield>
    <subfield code="b">colour illustrations ; </subfield>
    <subfield code="c">21 cm </subfield>
  </datafield>
  <datafield tag="336" ind1=" " ind2=" ">
    <subfield code="a">text</subfield>
    <subfield code="2">rdacontent</subfield>
  </datafield>
  <datafield tag="337" ind1=" " ind2=" ">
    <subfield code="a">unmediated</subfield>
    <subfield code="2">rdamedia</subfield>
  </datafield>
  <datafield tag="338" ind1=" " ind2=" ">
    <subfield code="a">volume</subfield>
    <subfield code="2">rdacarrier</subfield>
  </datafield>
  <datafield tag="490" ind1="1" ind2=" ">
    <subfield code="a">Siri Aspirasi Cilik Positif</subfield>
  </datafield>
  <datafield tag="650" ind1="1" ind2="0">
    <subfield code="a">Malay language</subfield>
    <subfield code="v">Readers </subfield>
  </datafield>
  <datafield tag="650" ind1="2" ind2="0">
    <subfield code="a">Children's stories, Malay</subfield>
  </datafield>
  <datafield tag="650" ind1="2" ind2="0">
    <subfield code="a">Malay fiction</subfield>
  </datafield>
  <datafield tag="650" ind1="2" ind2="4">
    <subfield code="a">Malaysian fiction (Malay)</subfield>
  </datafield>
  <datafield tag="830" ind1=" " ind2="0">
    <subfield code="a">Siri aspirasi cilik positif</subfield>
  </datafield>
  <datafield tag="942" ind1=" " ind2=" ">
    <subfield code="2">ddc</subfield>
    <subfield code="c">B</subfield>
  </datafield>
  <datafield tag="999" ind1=" " ind2=" ">
    <subfield code="c">196225</subfield>
    <subfield code="d">196225</subfield>
  </datafield>
  <datafield tag="952" ind1=" " ind2=" ">
    <subfield code="0">0</subfield>
    <subfield code="7">0</subfield>
    <subfield code="b">PPAK</subfield>
    <subfield code="c">K</subfield>
    <subfield code="d">2024-08-07</subfield>
    <subfield code="l">7</subfield>
    <subfield code="m">1</subfield>
    <subfield code="o">K 499.2386 NUR</subfield>
    <subfield code="p">A01833677</subfield>
    <subfield code="q">2026-07-04</subfield>
    <subfield code="r">2026-06-13 11:22:54</subfield>
    <subfield code="s">2026-06-13</subfield>
    <subfield code="y">B</subfield>
  </datafield>
  <datafield tag="952" ind1=" " ind2=" ">
    <subfield code="0">0</subfield>
    <subfield code="7">0</subfield>
    <subfield code="b">SP</subfield>
    <subfield code="c">K</subfield>
    <subfield code="d">2024-08-07</subfield>
    <subfield code="l">6</subfield>
    <subfield code="m">2</subfield>
    <subfield code="o">K 499.2386 NUR</subfield>
    <subfield code="p">A01833678</subfield>
    <subfield code="r">2026-02-25 15:35:58</subfield>
    <subfield code="s">2026-02-08</subfield>
    <subfield code="y">B</subfield>
  </datafield>
  <datafield tag="952" ind1=" " ind2=" ">
    <subfield code="0">0</subfield>
    <subfield code="7">0</subfield>
    <subfield code="b">JT</subfield>
    <subfield code="c">K</subfield>
    <subfield code="d">2024-08-07</subfield>
    <subfield code="l">2</subfield>
    <subfield code="o">K 499.2386 NUR</subfield>
    <subfield code="p">A01833679</subfield>
    <subfield code="r">2025-11-29 12:12:18</subfield>
    <subfield code="s">2025-11-15</subfield>
    <subfield code="y">B</subfield>
  </datafield>
  <datafield tag="952" ind1=" " ind2=" ">
    <subfield code="0">0</subfield>
    <subfield code="7">0</subfield>
    <subfield code="b">LW</subfield>
    <subfield code="c">K</subfield>
    <subfield code="d">2024-08-07</subfield>
    <subfield code="l">1</subfield>
    <subfield code="o">K 499.2386 NUR</subfield>
    <subfield code="p">A01833680</subfield>
    <subfield code="r">2025-12-30 15:10:55</subfield>
    <subfield code="s">2025-12-03</subfield>
    <subfield code="y">B</subfield>
  </datafield>
  <datafield tag="952" ind1=" " ind2=" ">
    <subfield code="0">0</subfield>
    <subfield code="7">0</subfield>
    <subfield code="b">KM</subfield>
    <subfield code="c">K</subfield>
    <subfield code="d">2024-08-07</subfield>
    <subfield code="l">0</subfield>
    <subfield code="o">K 499.2386 NUR</subfield>
    <subfield code="p">A01833681</subfield>
    <subfield code="r">2024-08-07 10:14:28</subfield>
    <subfield code="y">B</subfield>
  </datafield>
  <datafield tag="952" ind1=" " ind2=" ">
    <subfield code="0">0</subfield>
    <subfield code="7">0</subfield>
    <subfield code="b">BL</subfield>
    <subfield code="c">K</subfield>
    <subfield code="d">2024-08-07</subfield>
    <subfield code="l">0</subfield>
    <subfield code="o">K 499.2386 NUR</subfield>
    <subfield code="p">A01833682</subfield>
    <subfield code="r">2024-08-07 10:14:28</subfield>
    <subfield code="y">B</subfield>
  </datafield>
  <datafield tag="952" ind1=" " ind2=" ">
    <subfield code="0">0</subfield>
    <subfield code="7">0</subfield>
    <subfield code="b">BB</subfield>
    <subfield code="c">K</subfield>
    <subfield code="d">2024-08-07</subfield>
    <subfield code="l">1</subfield>
    <subfield code="o">K 499.2386 NUR</subfield>
    <subfield code="p">A01833683</subfield>
    <subfield code="r">2025-07-31 14:02:46</subfield>
    <subfield code="s">2025-07-16</subfield>
    <subfield code="y">B</subfield>
  </datafield>
  <datafield tag="952" ind1=" " ind2=" ">
    <subfield code="0">0</subfield>
    <subfield code="7">0</subfield>
    <subfield code="b">MR</subfield>
    <subfield code="c">K</subfield>
    <subfield code="d">2024-08-07</subfield>
    <subfield code="l">0</subfield>
    <subfield code="o">K 499.2386 NUR</subfield>
    <subfield code="p">A01833684</subfield>
    <subfield code="r">2024-08-07 10:14:28</subfield>
    <subfield code="y">B</subfield>
  </datafield>
  <datafield tag="952" ind1=" " ind2=" ">
    <subfield code="0">0</subfield>
    <subfield code="7">0</subfield>
    <subfield code="b">YN</subfield>
    <subfield code="c">K</subfield>
    <subfield code="d">2024-08-07</subfield>
    <subfield code="l">3</subfield>
    <subfield code="o">K 499.2386 NUR</subfield>
    <subfield code="p">A01833685</subfield>
    <subfield code="r">2026-05-06 14:41:19</subfield>
    <subfield code="s">2025-06-12</subfield>
    <subfield code="y">B</subfield>
  </datafield>
  <datafield tag="952" ind1=" " ind2=" ">
    <subfield code="0">0</subfield>
    <subfield code="7">0</subfield>
    <subfield code="b">SK</subfield>
    <subfield code="c">K</subfield>
    <subfield code="d">2024-08-07</subfield>
    <subfield code="l">3</subfield>
    <subfield code="o">K 499.2386 NUR</subfield>
    <subfield code="p">A01833686</subfield>
    <subfield code="r">2025-09-10 15:33:27</subfield>
    <subfield code="s">2025-08-14</subfield>
    <subfield code="y">B</subfield>
  </datafield>
  <datafield tag="952" ind1=" " ind2=" ">
    <subfield code="0">0</subfield>
    <subfield code="7">0</subfield>
    <subfield code="b">KN</subfield>
    <subfield code="c">K</subfield>
    <subfield code="d">2024-08-07</subfield>
    <subfield code="l">1</subfield>
    <subfield code="o">K 499.2386 NUR</subfield>
    <subfield code="p">A01833687</subfield>
    <subfield code="r">2024-11-06 16:14:40</subfield>
    <subfield code="s">2024-10-10</subfield>
    <subfield code="y">B</subfield>
  </datafield>
  <datafield tag="952" ind1=" " ind2=" ">
    <subfield code="0">0</subfield>
    <subfield code="7">0</subfield>
    <subfield code="b">PG</subfield>
    <subfield code="c">K</subfield>
    <subfield code="d">2024-08-07</subfield>
    <subfield code="l">0</subfield>
    <subfield code="o">K 499.2386 NUR</subfield>
    <subfield code="p">A01833688</subfield>
    <subfield code="r">2024-08-07 10:14:28</subfield>
    <subfield code="y">B</subfield>
  </datafield>
</record>
